Harry Potter e o Príncipe Desconhecido (Registo nº 1228)
[ vista simples ]
| 000 -Etiqueta do registo | |
|---|---|
| Cabeçalho | 01588nam0a2200373 4500 |
| 005 - Identificador da versão | |
| Campo de controlo | 20240813121830.0 |
| 021 ## - Número do Depósito Legal | |
| Código do país | PT |
| 071 0# - Número do editor (registos sonoros e música) | |
| Número do editor | 434/2009 |
| 100 ## - Dados gerais de processamento | |
| Dados gerais de processamento | 20110110d2009 a y0pory5003 ba |
| 102 ## - Pais de publicação ou produção | |
| País de publicação | Portugal |
| 101 1# - Língua de publicação | |
| Língua do texto, banda sonora, etc. | Inglês |
| Língua do documento no original | Inglês |
| Língua das legendas | Português |
| 115 ## - Campo de dados codificados: Projecções Visuais, Filmes e Vídeos | |
| Dados modificados - geral | b153bb |
| 106 ## - Campo de dados codificados: material textual | |
| Dados codificados do material textual | r |
| 105 ## - Campo de dados codificados: livros | |
| Dados codificados dos livros | y z 001yy |
| 215 ## - Descrição física | |
| Indicação específica da natureza do documento e extensão da espécie | 1 DVD (PAL 2) (153 m.) |
| Outras indicações físicas | col ; son |
| 200 1# - Titulo e menção de responsabilidade | |
| Título próprio | Harry Potter e o Príncipe Desconhecido |
| Indicação geral da natureza do documento | registo vídeo |
| Título paralelo | Harry Potter and the Half-Blood Prince |
| Primeira menção de responsabilidade | real. David Yates |
| 210 ## - Publicação, Distribuição, etc. | |
| Lugar da edição, distribuição, etc. | PT |
| Nome do editor, distribuidor, etc. | Lusomundo |
| Data da publicação, distribuição, etc. | 2009 |
| 323 ## - Nota ao elenco (material de projecção e video de registos sonoros) | |
| Texto da nota | Elenco: Daniel Radcliffe, Emma Watson and Rupert Grint |
| 306 ## - Notas relativas a publicação, distribuição, etc. | |
| Texto da nota | Distribuidor Cinema: Zon Lusomundo |
| 300 ## - Notas gerais | |
| Texto da nota | edição especial em dois discos |
| 322 ## - Nota aos responsáveis artísticos e técnicos (material de projecção e video e registos sonoros) | |
| Texto da nota | Créditos: Produção, Heyday Films |
| 305 ## - Notas relativas à edição e história bibliográfica da publicação | |
| Texto da nota | data lançamento: 2009 |
| 333 ## - Nota relativa aos potenciais utilizadores | |
| Texto da nota | Classificação: M12 |
| 330 ## - Sumário ou Resumo | |
| Texto da nota | Sumário: In the sixth year at Hogwarts School of Witchcraft, and in both wizard and muggle worlds Lord Voldemort and his henchmen are increasingly active. With vacancies to fill at Hogwarts, Professor Dumbledore persuades Horace Slughorn, back from retirement to become the potions teacher, while Professor Snape receives long awaited news. Harry Potter, together with Dumbledore, must face treacherous tasks to defeat his evil nemesis. |
| 327 1# - Nota de conteúdo | |
| Texto da nota | Conteúdo: Legendas: português; idioma, inglês |
| 606 ## - Nome comum usado como assunto | |
| Número de registo de entrada de autoridade | 0001715 |
| Palavra de ordem | Filme |
| Subdivisão de assunto | Aventura |
| 610 2# - Termos de indexação não controlados | |
| Subject Term | DVD Cinema |
| 675 ## - Classificação Decimal Universal (CDU) | |
| Notação | 791.221.8 |
| Edição | BN |
| Língua da edição | por |
| 942 ## - Elementos de entrada adicionados (Koha) | |
| Tipo de item no Koha | Livro |
| Situação do levantamento | Origin of item (home branch) (coded) | Biblioteca de empréstimo | Código de barras | Cota | Circulation type (not for loan) | Tipo de documento | Nota do exemplar | Damaged status |
|---|---|---|---|---|---|---|---|---|
| Biblioteca Escolar Eng. Nuno Mergulhão | Biblioteca Escolar Eng. Nuno Mergulhão | BENM2150 | F POT 2150 | DVD | Sem mensagem |
